000
00325nam a2200145Ia 4500
005
20251222153550.0
008
251222s9999||||xx |||||||||||||| ||spa||
020
_a
8447323714
082
_a
940.534.92/F81
100
_a
Frank, Ana
245
0
_a
El Diario de Ana Frank
250
_a
1ra.ed.
264
_b
RBA
942
_c
LIB
999
_c
30819
_d
30819